| 000 | 00733nam a2200241Ia 4500 | ||
|---|---|---|---|
| 008 | 160418s9999 xx 000 0 und d | ||
| 020 | _a971-584-515-0 | ||
| 050 | _aFIL DS 675.8 | ||
| 050 | _b.R5P37 2006 c.1 | ||
| 100 | _aPasigui, Ronnie Espergal. | ||
| 245 | _aJose Rizal : | ||
| 245 | _bthe man and the hero : an anthology of legacies and controversies / | ||
| 245 | _cRonnie Espergal Pasigui, Danilo Hipolito Cabalu. | ||
| 260 | _aQuezon City: | ||
| 260 | _bC & E Pub. Inc., | ||
| 260 | _c2006 | ||
| 300 | _a356 pages : | ||
| 300 | _billustrations ; | ||
| 300 | _c22 cm. | ||
| 500 | _aIncludes bibliographical references. | ||
| 650 | _aRizal, Jose, 1861-1896. | ||
| 650 | _xHeroes -- Philippines -- Biography. | ||
| 999 |
_c293643 _d293643 |
||